000
00248nam a2200109Ia 4500
082
_a
615.538
_b
S 13 R
100
_a
RAO PRABHAKAR
245
_a
SARANGADHARA SAMHITA
260
_b
CHAUKHAMBHA PUB. NEW DELHI
_c
2013
300
_a
393
942
_2
ddc
_c
BK
_0
4
999
_c
7706
_d
7706